000 00289nam a2200133Ia 4500
008 230312s9999||||xx |||||||||||||| ||und||
082 _a658.3
_bSER
245 0 _aCole-Parmer
260 _bCole Parmer
_aUSA
_c2007.08
300 _a2128
546 _aEng.
650 _aManagement
942 _cBK
999 _c789
_d789